| 000 | 00914nam a2200193 i 4500 | ||
|---|---|---|---|
| 001 | 128960 | ||
| 003 | ES-MaACL | ||
| 005 | 20230906193414.0 | ||
| 007 | t| | ||
| 008 | 070531s1922 fr ||||1| fre d | ||
| 100 | 1 |
_aTellier, Jules. _9109650 |
|
| 245 | 1 | 4 |
_aLes oeuvres / _cJules Tellier ; publiées par Raymond de la Tailhéde. |
| 260 |
_aParis : _bEmile Paul Frères, _c1923. |
||
| 300 |
_aXXXVI, 350 p. ; _c20 cm. |
||
| 500 | _aEs el v. I. | ||
| 505 | 8 | _aContiene: 1.--Discours áa la bien-aimée. 12.--Proses. 33.--Le Pacte de l'écolier Juan. 43.--Les Deux paradis d'Abd-er-Rhaman. 85.--Le Rêve de Mohammed-ben-Sliman. 101.--Les Notes de Tristan Noël. 127.--Voyage de Toulouse áa Girone. Poesies. 153.--La cité interieure. 157.--Adolescence. 171.--Amour. 187.--Variations Fatalistes. 205.--Poémes et Poésies diverses | |
| 700 | 1 |
_aTailhéde, Raymond de la. _9109083 |
|
| 852 |
_aES-MaACL _jB-13228 |
||
| 999 |
_c128960 _d128960 |
||